Jan Sládek : vydáno u příležitosti výstavy obrazů a scénických návrhů Jana Sládka /

Hlavní autor: Hlaváček, Zdeněk, 1899-1981
Další autoři: Škoda, Jan, Sládek, Jan, 1906-1982
Jazyk: Čeština
Vydáno: Brno : Skupina výtvarných umělců, 1936
Fyzický popis: 23 s. : il.
Knihy
Uloženo v:
LEADER 00786nam a22002172a 4500
001 001688490
003 CZ BrMZK
005 20190625092751.0
007 ta
008 190614s1936 xr a er|||||||||||cze d
040 |a OLA001  |b cze  |d BOA001 
100 1 |a Hlaváček, Zdeněk,  |d 1899-1981  |7 jk01041221  |4 aut 
245 1 0 |a Jan Sládek :  |b vydáno u příležitosti výstavy obrazů a scénických návrhů Jana Sládka /  |c napsali Zdeněk Hlaváček, Jan Škoda 
260 |a Brno :  |b Skupina výtvarných umělců,  |c 1936 
300 |a 23 s. :  |b il. 
700 1 |a Škoda, Jan  |4 aut 
700 1 |a Sládek, Jan,  |d 1906-1982  |7 jk01111736  |4 ill 
910 |a BOA001  |b X-0286.073 
990 |a BK 
991 |b 201906 
996 6 |b 2618808513  |c X-0286.073  |l MZK  |r Sklad / do 24 hodin  |n 0  |w 001729729  |u 000010  |a 1  |e BOA001  |j MZK50  |s P